[Event "Bucharest op"]
[Site "Bucharest"]
[Date "1995.??.??"]
[Round "?"]
[White "Zamfirescu, Bogdan"]
[Black "Olarasu, Gabriela"]
[Result "1-0"]
[WhiteElo "2235"]
[BlackElo "2270"]
[PlyCount "39"]
[EventDate "1995.??.??"]
[EventType "swiss"]
[EventRounds "9"]
[EventCountry "ROU"]
[SourceTitle "EXT 2002"]
[Source "ChessBase"]
[SourceDate "2001.11.25"]
[SourceVersion "1"]
[SourceVersionDate "2001.11.25"]
[SourceQuality "1"]

1. d4 d5 2. c4 e6 3. Nc3 c5 4. cxd5 exd5 5. Nf3 Nc6 6. Bf4 cxd4 7. Nxd4 Bb4 8. e3 Nf6 9. Be2 0-0 10. 0-0 Be6 11. Ncb5 Qd7 12. a3 Be7 13. Rc1 Rac8 14. Qd3 Ne4 15. Rfd1 Bh4 16. g3 Be7 17. Nxe6 Qxe6 18. Qxd5 Qxd5 19. Rxd5 Nd4 20. exd4 1-0

[Event "Odorheiu Secuiesc op"]
[Site "Odorheiu Secuiesc"]
[Date "1993.??.??"]
[Round "4"]
[White "Lupu, Mircea Sergiu"]
[Black "Zamfirescu, Bogdan"]
[Result "1-0"]
[WhiteElo "2435"]
[BlackElo "2250"]
[PlyCount "47"]
[EventDate "1993.05.??"]
[EventType "swiss"]
[EventRounds "11"]
[EventCountry "ROU"]
[SourceTitle "TD"]
[Source "ChessBase"]
[SourceDate "1994.03.01"]
[SourceVersion "1"]
[SourceVersionDate "1994.03.01"]
[SourceQuality "1"]

1. e4 c5 2. Nf3 d6 3. d4 Nf6 4. Nc3 cxd4 5. Nxd4 g6 6. f4 Nc6 7. Be3 Ng4 8. Bg1 Bg7 9. Be2 Nf6 10. Qd2 0-0 11. 0-0-0 Nxd4 12. Bxd4 Be6 13. g4 Qa5 14. g5 Ne8 15. a3 f5 16. gxf6 Nxf6 17. Rhg1 Bh6 18. Be3 Kh8 19. f5 Bxe3 20. Qxe3 gxf5 21. exf5 Qxf5 22. Bd3 Qe5 23. Qh6 Rg8 24. Rge1 1-0

[Event "Odorheiu Secuiesc op"]
[Site "Odorheiu Secuiesc"]
[Date "1993.??.??"]
[Round "11"]
[White "Vajda, Levente"]
[Black "Zamfirescu, Bogdan"]
[Result "1/2-1/2"]
[WhiteElo "2105"]
[BlackElo "2250"]
[PlyCount "92"]
[EventDate "1993.05.??"]
[EventType "swiss"]
[EventRounds "11"]
[EventCountry "ROU"]
[SourceTitle "TD"]
[Source "ChessBase"]
[SourceDate "1994.03.01"]
[SourceVersion "1"]
[SourceVersionDate "1994.03.01"]
[SourceQuality "1"]

1. e4 d6 2. d4 g6 3. g3 Bg7 4. Bg2 e5 5. Ne2 Nc6 6. Be3 Nf6 7. h3 0-0 8. Nbc3 Ne8 9. 0-0 f5 10. exf5 Bxf5 11. dxe5 dxe5 12. Nd5 Nf6 13. Bg5 Be6 14. Nec3 Nd4 15. Bxf6 Bxf6 16. Nxf6+ Qxf6 17. Ne4 Qe7 18. c3 Nf5 19. Qe2 c6 20. h4 Bd5 21. Rad1 Rad8 22. c4 Be6 23. Ng5 Bc8 24. Rxd8 Rxd8 25. Re1 Re8 26. Ne4 Nd4 27. Qd2 Rd8 28. Qc3 Bg4 29. f3 Bf5 30. Ng5 Qg7 31. c5 h6 32. Qc4+ Kf8 33. Ne4 Bxe4 34. fxe4 Qe7 35. Kh2 Kg7 36. Rf1 Rf8 37. Rxf8 Qxf8 38. Qb4 Qe7 39. Qc3 Qf7 40. b3 a6 41. Qb4 Kh7 42. Qb6 Qe7 43. Bh3 Qf7 44. Qd8 Qf2+ 45. Bg2 Nf3+ 46. Kh3 Ng1+ 1/2-1/2

[Event "Odorheiu Secuiesc op"]
[Site "Odorheiu Secuiesc"]
[Date "1993.??.??"]
[Round "5"]
[White "Vajda, Szidonia"]
[Black "Zamfirescu, Bogdan"]
[Result "1-0"]
[WhiteElo "2140"]
[BlackElo "2250"]
[PlyCount "79"]
[EventDate "1993.05.??"]
[EventType "swiss"]
[EventRounds "11"]
[EventCountry "ROU"]
[SourceTitle "TD"]
[Source "ChessBase"]
[SourceDate "1994.03.01"]
[SourceVersion "1"]
[SourceVersionDate "1994.03.01"]
[SourceQuality "1"]

1. e4 d6 2. Nf3 Nd7 3. d4 c6 4. a4 g6 5. g3 Bg7 6. Bg2 Ngf6 7. Nc3 0-0 8. 0-0 c5 9. dxc5 Nxc5 10. Qe2 Be6 11. Rd1 Qc8 12. Nd4 Bg4 13. f3 Bd7 14. Be3 Re8 15. Qd2 a6 16. Nde2 Qc7 17. Nf4 Rad8 18. a5 Qb8 19. Rab1 Rc8 20. Nfd5 Na4 21. Nxa4 Bxa4 22. b3 Nxd5 23. Qxd5 Bc6 24. Qd2 Rcd8 25. c4 e6 26. Bb6 Rd7 27. Qf2 Bf6 28. b4 Ba4 29. Rd3 Rde7 30. Qa2 Bd7 31. Qd2 Rc8 32. Rxd6 Be8 33. Rd8 Bc3 34. Qd3 Rd7 35. Rxd7 Bxd7 36. Qxd7 Rxc4 37. f4 e5 38. Qd5 Rc6 39. fxe5 Bxe5 40. Rf1 1-0

[Event "Odorheiu Secuiesc op"]
[Site "Odorheiu Secuiesc"]
[Date "1993.??.??"]
[Round "10"]
[White "Zamfirescu, Bogdan"]
[Black "Bartha, Andrei"]
[Result "1-0"]
[WhiteElo "2250"]
[BlackElo "2205"]
[PlyCount "109"]
[EventDate "1993.05.??"]
[EventType "swiss"]
[EventRounds "11"]
[EventCountry "ROU"]
[SourceTitle "TD"]
[Source "ChessBase"]
[SourceDate "1994.03.01"]
[SourceVersion "1"]
[SourceVersionDate "1994.03.01"]
[SourceQuality "1"]

1. d4 Nf6 2. c4 g6 3. Nc3 d5 4. Nf3 Bg7 5. e3 0-0 6. cxd5 Nxd5 7. Bc4 Nxc3 8. bxc3 c5 9. 0-0 Qc7 10. Qe2 Nc6 11. a4 e5 12. Ba3 exd4 13. cxd4 cxd4 14. Bxf8 Kxf8 15. Nxd4 Nxd4 16. exd4 Bxd4 17. Rac1 Qf4 18. g3 Qf6 19. Bd5 Bb6 20. Qf3 Qxf3 21. Bxf3 Rb8 22. Rfd1 Be6 23. Bd5 Bh3 24. Rc4 g5 25. Bg2 Be6 26. Rc3 h6 27. Bd5 Bg4 28. Bf3 Be6 29. Kg2 Ba5 30. Rc5 b6 31. Rc7 b5 32. Rxa7 Bb6 33. Ra6 bxa4 34. Rb1 Bb3 35. Bc6 Bc7 36. Rc1 Rb6 37. Ra8+ Kg7 38. Kg1 Rxc6 39. Rxc6 Bd5 40. Rxc7 Bxa8 41. Rc4 Bd5 42. Rxa4 Be6 43. Kf1 Kg6 44. Ke2 Kf5 45. Ke3 Kf6 46. Ra5 Bg4 47. Ra6+ Be6 48. Ke4 Kg7 49. Ke5 Bc4 50. Rb6 Ba2 51. f4 gxf4 52. gxf4 Bc4 53. f5 Ba2 54. Rb2 Bc4 55. Rg2+ 1-0